Geoinformatics for Sustainable Urban Development/ (Record no. 44273)
[ view plain ]
| 003 - CONTROL NUMBER IDENTIFIER | |
|---|---|
| control field | 0000 |
| 005 - DATE AND TIME OF LATEST TRANSACTION | |
| control field | 20260407131755.0 |
| 040 ## - CATALOGING SOURCE | |
| Description conventions | rda |
| 050 ## - LIBRARY OF CONGRESS CALL NUMBER | |
| Classification number | G 70.4 |
| Item number | .G46 2024 |
| 100 ## - MAIN ENTRY--PERSONAL NAME | |
| Relator code | Editor |
| Personal name | Shekhar, Sulochana |
| 245 ## - TITLE STATEMENT | |
| Title | Geoinformatics for Sustainable Urban Development/ |
| Statement of responsibility, etc | Kumar, Deepak |
| 264 ## - PUBLICATION, DISTRIBUTION, ETC. (IMPRINT) | |
| Place of publication, distribution, etc | Boca Raton |
| Name of publisher, distributor, etc | CRC Press |
| Date of publication, distribution, etc | 2024 |
| 300 ## - PHYSICAL DESCRIPTION | |
| Extent | xiii, 361p. |
| Other physical details | ill.: |
| 336 ## - CONTENT TYPE | |
| Source | rdacontent |
| 338 ## - CARRIER TYPE | |
| Source | rdacarrier |
| 500 ## - GENERAL NOTE | |
| General note | Includes Index and References |
| 501 ## - WITH NOTE | |
| With note | Includes Index and References |
| 700 ## - ADDED ENTRY--PERSONAL NAME | |
| Relator code | Editor |
| Personal name | Kumar Deepak |
| 942 ## - ADDED ENTRY ELEMENTS (KOHA) | |
| Source of classification or shelving scheme | Library of Congress Classification |
| Koha item type | Books |
| Withdrawn status | Lost status | Source of classification or shelving scheme | Damaged status | Not for loan | Permanent Location | Current Location | Date acquired | Total Checkouts | Full call number | Barcode | Date last seen | Price effective from | Koha item type |
|---|---|---|---|---|---|---|---|---|---|---|---|---|---|
| Library of Congress Classification | NILE UNIVERSITY OF NIGERIA - MAIN LIBRARY | NILE UNIVERSITY OF NIGERIA - MAIN LIBRARY | 04/07/2026 | G 70.4 .G46 2024 | 0199623 | 04/07/2026 | 04/07/2026 | Books |